000 00803nam a2200253Ia 4500
003 OSt
005 20220927115013.0
006 a|||||r|||| 00| 0
007 ta
008 220926b |||||||| |||| 00| 0 eng d
024 _a23492
037 _cThesis and Dissertations
040 _aRTL
_cRTL
_beng
041 _2eng
_aeng
082 _a"Y:423:6, N8/Th"
100 _aAddlakha Renu
_9389874
245 0 _aAspects of psycho pathology and society
260 _aDelhi
_bUniversity of Delhi
_c1998
300 _a258p
_ccm.
490 _a"University of Delhi, Sociology, Deptt. of-),Thesis. Thesis, University of Delhi, Sociology, Deptt of-"
500 _aBibliography : P 229-258
942 _h"Y:423:6, N8/Th"
_cCC
999 _c705336
_d705336